Ellipticine cytotoxicity to cancer cell lines - a comparative study

Bibliographic Details
Main Authors: Frei, Eva (Author), Martínková, Eva (Author), Poljaková, Jitka (Author), Lucie, BOŘEK-DOHALSKÁ (Author), Stiborová, Marie, 1950-2020 (Author), Kizek, Rene (Author), Eckschlager, Tomáš, 1956- (Author)
Format: Article
Language:English

MARC

LEADER 00000nab a2200000ua 4500
001 vtls010790699
003 SK-MaSNL
005 20260303135050.0
008 230218s2011 xo |||||||||||||||||eng|
035 |a (urnnbn)urn:nbn:sk:snk:ar-a046zf 
035 |a (uuid)eefa953d-ed42-43be-92b0-56bcd60a7ed1 
035 |a urn:nbn:sk:snk-ab4qi8 
040 |a SNKBUCL  |b slo  |c SNKBUCL  |e AACR2 
041 0 |a eng 
044 |a xo  |c SK 
100 1 |a Frei, Eva  |4 aut  |9 1156146 
245 1 0 |a Ellipticine cytotoxicity to cancer cell lines - a comparative study  |c Eva Frei, Eva Martínková, Jitka Poljaková, Lucie Bořek-Dohalská, Marie Stiborová, Rene Kizek, Tomáš Eckschlager 
700 1 |a Martínková, Eva  |4 aut  |9 1111596 
700 1 |a Poljaková, Jitka  |4 aut  |9 1156161 
700 1 |a Lucie, BOŘEK-DOHALSKÁ  |4 aut  |9 1156162 
700 1 |a Stiborová, Marie,  |d 1950-2020  |4 aut  |9 200586 
700 1 |a Kizek, Rene  |4 aut  |9 777526 
700 1 |a Eckschlager, Tomáš,  |d 1956-  |4 aut  |9 648840 
773 0 |t Interdisciplinary toxicology  |g Roč. 4, č. 2 (2011), s. [98]-105 
958 |a OND 
958 |a EUIPO 
958 |a article3 
999 |c 1963441  |d 1965371